LEADER 01036nam a2200253 i 4500 001 991001919829707536 008 121212s2011 fr a b 000 0 fre d 020 $a9782728804498 020 $a2728804494 035 $ab14091963-39ule_inst 040 $aBiblioteca Interfacoltà$bita 082 14$a937 245 00$aIdentités romaines :$bconscience de soi et représentations de l'autre dans la Rome antique, IVe siècle av. J-C-VIIIe siècle apr. J-C /$ctextes édités par Mathilde Simon 260 $aParis :$bRue d'Ulm,$c2011 300 $a287 p. :$bill. ;$c24 cm. 440 0$aEtudes de littérature ancienne ;$v18 650 4$aEtnicità$zRoma antica$vCongressi 650 4$aItalia antica$xIdentità nazionale$vCongressi 907 $a.b14091963$b02-04-14$c12-12-12 912 $a991001919829707536 945 $aLE002 937 IDE$g1$i2002000897176$lle002$og$pE0.00$q-$rl$s- $t0$u0$v0$w0$x0$y.i15469323$z12-12-12 996 $aIdentités romaines$9241463 997 $aUNISALENTO 998 $ale002$b12-12-12$cm$da $e-$ffre$gfr $h0$i0